Ball knowledge #1 - Statistics

General Stats
  • This quiz has been taken 122 times
  • The average score is 9 of 15
Answer Stats
Question Answer % Correct
Which team plays their home games at Old Trafford? Manchester United
92%
Which of these people played proffessionnal football Usain Bolt
83%
Who is the top scorer in Champions League Cristiano Ronaldo
77%
Who is the all-time top scorer in the Premier League? Alan Shearer
75%
Which manager has won the most Champions League titles? Carlo Ancelotti
74%
Top scorer for France Olivier Giroud
69%
Who is the youngest player to score in a World Cup? Pelé
64%
Who is the only player to have won the Super Ballon d'or Di Stefano
60%
Who has the most Golden Boots Lionel Messi
58%
Who is the top scorer for Chelsea Frank Lampard
56%
Which player has scored the most goals in World Cup history? Miroslav Klose
56%
Top scorer for Brazil Neymar
49%
Who won the Ballon d'or in 2004 Andriy Shevchenko
43%
Who won the world cup in 1994 Brazil
42%
Who has the most goals in the Eredivisie Willy van der Kuijlen
19%
No matching quizzes found
Score Distribution
Percent of People with Each Score
Percentile by Number Answered
Your Score History
You have not taken this quiz